书目信息 |
| 题名: |
怎样记帐.查帐和调帐
|
|
| 作者: | 刘大贤 著 | |
| 分册: | ||
| 出版信息: | 北京 机械工业出版社 |
|
| 页数: | 587页 | |
| 开本: | 32开 | |
| 丛书名: | ||
| 单 册: | ||
| 中图分类: | F231.4 | |
| 科图分类: | ||
| 主题词: | 会计 | |
| 电子资源: | ||
| ISBN: | 7-111-06091-1 | |
| 000 | 00556nam0 2200193 45 | |
| 001 | 0009192050 | |
| 005 | 20000919202532.4 | |
| 010 | @a7-111-06091-1@d29.00元 | |
| 100 | @a20000919d km y0chiy0120 ea | |
| 101 | 0 | @achi |
| 105 | @a z 000yy | |
| 200 | 1 | @a怎样记帐.查帐和调帐@AZen Yang Ji Zhang.Cha Zhang He Tiao Zhang@f刘大贤等著@FLiu Da Xian Deng Zhu |
| 210 | @a北京@c机械工业出版社 | |
| 215 | @a587页@d32开 | |
| 606 | 0 | @a会计 |
| 690 | @aF231.4@v3 | |
| 701 | 0 | @a刘大贤@4著 |
| 801 | @aCN@bPftUser@c20000919 | |
| 905 | @b149293-297@dF231.4@eL884=2@f5 | |
| 怎样记帐.查帐和调帐/刘大贤等著.-北京:机械工业出版社 |
| 587页;32开 |
| ISBN 7-111-06091-1:29.00元 |
| ● |
| 相关链接 |
|
|
|
正题名:怎样记帐·查帐和调帐
索取号:F231.4/L884=2
 
预约/预借
| 序号 | 登录号 | 条形码 | 馆藏地/架位号 | 状态 | 备注 |
| 1 | 149293 | 201492937 | 社科二线422/422社科库 28排3列1层/ [索取号:F231.4/L884=2] | 在馆 | |
| 2 | 149294 | 201492946 | 社科二线422/422社科库 31排4列3层/ [索取号:F231.4/L884=2] | 在馆 | |
| 3 | 149295 | 201492955 | 社科二线422/422社科库 28排2列2层/ [索取号:F231.4/L884=2] | 在馆 | |
| 4 | 149296 | 201492964 | 社科库409/ [索取号:F231.4/L884=2] | 在馆 | |
| 5 | 149297 | 201492973 | 社科库409/ [索取号:F231.4/L884=2] | 在馆 |